Las maravillas del mar
Uloženo v:
| Hlavní autor: | |
|---|---|
| Médium: | Kniha |
| Jazyk: | španělština |
| Vydáno: |
Barcelona
Juventud
1952
|
| Témata: | |
| Tagy: |
Přidat tag
Žádné tagy, Buďte první, kdo vytvoří štítek k tomuto záznamu!
|
MARC
| LEADER | 00000nam a2200000 a 4500 | ||
|---|---|---|---|
| 001 | UCT1419 | ||
| 003 | CL-VaPUC | ||
| 008 | 960927e19520000SP |||||||||||||||||spa|d | ||
| 082 | 0 | 4 | |a 577.7 |b COL |2 21 |
| 100 | 0 | |a Colosi, Giuseppe |e author |9 370289 | |
| 245 | 1 | 4 | |a Las maravillas del mar |
| 300 | |a 276 p | ||
| 942 | |c BK | ||
| 945 | |d 19960927 00:00:00 |a cmena | ||
| 260 | |a Barcelona |b Juventud |c 1952 | ||
| 650 | 0 | |a Océanos |9 344473 | |
| 650 | 0 | |a Ecología |9 258124 | |
| 650 | 7 | |a BALANCE ECOLOGICO |2 CL-VaPUC |9 359317 | |
| 650 | 0 | |a Medio ambiente físico |9 347938 | |
| 650 | 7 | |a BIOGEOGRAFIA |2 CL-VaPUC |9 347934 | |
| 650 | 0 | |a Ecosistemas |9 261477 | |
| 650 | 0 | |a Recursos marinos |9 261196 | |
| 650 | 0 | |a Playas |9 261647 | |
| 650 | 0 | |a Estuarios |9 326749 | |
| 650 | 7 | |a MEDIO AMBIENTE MARINO |2 CL-VaPUC |9 370290 | |
| 583 | |a last modification |c 19960927 00:00:00 |k Rodrigo Vera | ||
| 999 | |c 251949 |d 251947 | ||
| 952 | |0 0 |1 0 |4 0 |6 577_700000000000000_COL_1952 |7 0 |8 A |9 271486 |a BIBCUR |b BIBCUR |d 2019-11-19 |i 1755196 |l 3 |o 577.7 COL 1952 |p 1755196 |r 2025-04-22 |s 2024-09-02 |w 2019-11-19 |y BK |k BCB | ||